000 01428cam a2200157 4500500
005 20260111104701.0
041 _afre
042 _adc
100 1 0 _aForest, Maxime
_eauthor
245 0 0 _aL'enjeu de l'égalite hommes-femmes au prisme de l'élargissement à l'est de l'UE
260 _c2006.
500 _a83
520 _aCet article envisage l’impact des différents mécanismes – législatifs, institutionnels, cognitifs – que recouvrent les processus d’européanisation, sous l’angle de l’évolution des politiques d’égalité dans les nouveaux Etats membres d’Europe centrale. Dans un premier temps, il rappelle le caractère « path-dependent » des politiques publiques du genre, qui s’illustre au travers des solutions institutionnelles différenciées privilégiées lors de l’adaptation au cadre communautaire. Puis il propose de déplacer le regard vers les pratiques des acteurs qui investissent la structure d’opportunité façonnée par le contexte de l’adhésion au niveau domestique. Se focalisant sur le rôle des organisations de femmes, il met en évidence une convergence dans les répertoires de l’action collective, ainsi que son inscription dans un contexte multi-niveaux.
786 0 _nPolitique européenne | 20 | 3 | 2006-12-01 | p. 101-119 | 1623-6297
856 4 1 _uhttps://shs.cairn.info/revue-politique-europeenne-2006-3-page-101?lang=fr&redirect-ssocas=7080
999 _c1631046
_d1631046